Billy Joel Lyrics Quiz (Part 103) - Statistics

General Stats
  • This quiz has been taken 22 times
    14 since last reset
  • The average score is 215 of 324
Answer Stats
Answer % Correct
a
100%
hear
100%
I
100%
in
100%
But
91%
if
91%
my
91%
on
91%
the
91%
to
91%
When
91%
you
91%
You
91%
and
82%
at
82%
be
82%
it
82%
me
82%
of
82%
one
82%
so
82%
So
82%
been
73%
can
73%
could
73%
from
73%
good
73%
have
73%
It’s
73%
it’s
73%
Just
73%
just
73%
like
73%
more
73%
not
73%
or
73%
take
73%
that
73%
That
73%
there
73%
they’re
73%
this
73%
time
73%
until
73%
want
73%
will
73%
with
73%
world
73%
again
64%
all
64%
along
64%
bad
64%
break
64%
comes
64%
days
64%
deal
64%
don’t
64%
Don’t
64%
down
64%
ever
64%
feel
64%
feeling
64%
forget
64%
get
64%
getting
64%
gone
64%
gonna
64%
got
64%
hadn’t
64%
hard
64%
having
64%
heart
64%
human,
64%
human
64%
learn
64%
life
64%
made
64%
make
64%
mistakes
64%
myself
64%
only
64%
school
64%
second
64%
share
64%
takes
64%
telling
64%
Than
64%
that’s
64%
these
64%
things
64%
times
64%
We’re
64%
what
64%
who’s
64%
wind
64%
wouldn’t
64%
you'll
64%
you’ll
64%
your
64%
You’re
64%
you’re
64%
alone
55%
alright,
55%
alright
55%
call
55%
Cause
55%
did
55%
die
55%
easy
55%
else
55%
fool
55%
friend
55%
hold
55%
later
55%
lay
55%
living
55%
lonely
55%
old
55%
own
55%
someone
55%
Sometimes
55%
Sooner
55%
Till
55%
truly
55%
Wait
55%
You’ve
55%
always
45%
anything
45%
better
45%
face
45%
fight
45%
heartache
45%
into
45%
kick
45%
momentum
45%
neighborhood
45%
pain
45%
reputation
45%
stumbling
45%
supposed
45%
Though
45%
was
45%
wrong
45%
yourself
45%
accidents
36%
advice
36%
believe
36%
blows
36%
boxer
36%
breeze
36%
corner
36%
everything’s
36%
keeping
36%
lately
36%
long
36%
needed
36%
probably
36%
ring
36%
thinking
36%
those
36%
title
36%
walk
36%
allowed
27%
crashing
27%
emotion
27%
little
27%
seemed
27%
stone
27%
strong
27%
walls
27%
breath
18%
catch
18%
faith
18%
survived
18%
No matching quizzes found
Score Distribution
Percent of People with Each Score
Percentile by Number Answered
Your Score History
You have not taken this quiz since the last reset